|
|
|
|
| LEADER |
01262nam a2200313 a 4500 |
| 001 |
EBC864253 |
| 003 |
MiAaPQ |
| 005 |
20200520144314.0 |
| 006 |
m o d | |
| 007 |
cr cn||||||||| |
| 008 |
110921s2011 ts a sb 001 0 eng d |
| 020 |
|
|
|z 9781608052110
|
| 035 |
|
|
|a (MiAaPQ)EBC864253
|
| 035 |
|
|
|a (Au-PeEL)EBL864253
|
| 035 |
|
|
|a (CaPaEBR)ebr10492626
|
| 035 |
|
|
|a (OCoLC)749003142
|
| 040 |
|
|
|a MiAaPQ
|c MiAaPQ
|d MiAaPQ
|
| 050 |
|
4 |
|a HD69.S8
|b P37 2011
|
| 245 |
0 |
4 |
|a The paradox in partnership
|h [electronic resource] :
|b the role of conflict in partnership building /
|c edited by Helena Syna Desivilya and Michal Palgi.
|
| 260 |
|
|
|a [Saif Zone, Sharjah, United Arab Emirates] :
|b Bentham Science Publishers Ltd.,
|c [2011]
|
| 300 |
|
|
|a iv, 105 p. :
|b ill. (some col.)
|
| 504 |
|
|
|a Includes bibliographical references and indexes.
|
| 533 |
|
|
|a Electronic reproduction. Ann Arbor, MI : ProQuest, 2015. Available via World Wide Web. Access may be limited to ProQuest affiliated libraries.
|
| 650 |
|
0 |
|a Partnership.
|
| 655 |
|
4 |
|a Electronic books.
|
| 700 |
1 |
|
|a Desivilya, Helena Syna.
|
| 700 |
1 |
|
|a Palgi, Michal.
|
| 710 |
2 |
|
|a ProQuest (Firm)
|
| 856 |
4 |
0 |
|u https://ebookcentral.proquest.com/lib/matrademy/detail.action?docID=864253
|z Click to View
|